000 00990nam a2200253Ia 4500
003 OSt
005 20220923212627.0
006 a|||||r|||| 00| 0
007 ta
008 220922b |||||||| |||| 00| 0 hin d
024 _a154,663
037 _cTextual
040 _aARTS
_cARTS
_bhin
041 _2hin
_ahin
082 _aO1520m35,1:g, [M5]
100 _aरतन कुमार, के0 आर0
_9162665
245 0 _aहिन्दी और तेलुगु के वैवाहिक लोकगीतो का तुलनात्मक अध्ययन
246 _aHindī aur telugu ke vaivāhik lokagīto kā tulanātmak adhyayana
260 _aचीराला
_b के0 रमेश रतन प्रकाशन
_c1985
300 _a84 पृ.
_ccm.
650 _aहिन्दी साहित्य
_9156264
942 _hO1520m35,1:g, [M5]
_cTEXL
_2CC
999 _c310285
_d310285